00365 a2200097 4500001000900000005001700009008004100026245011300067100002400180773006300204ART_799420260410161639.0260409a 10aLos efectos de la crisis del año 2002 y el Impuesto sobre los Ingresos Brutos de las entidades financieras1 aCalcagno, Gabriel A0 tConsultor tributariog- Vol. 2, Nº 20 (oct. 2008)wREV474